<?xml version="1.0" encoding="UTF-8"?>
<record
    xmlns:xsi="http://www.w3.org/2001/XMLSchema-instance"
    xsi:schemaLocation="http://www.loc.gov/MARC21/slim http://www.loc.gov/standards/marcxml/schema/MARC21slim.xsd"
    xmlns="http://www.loc.gov/MARC21/slim">

  <leader>01768nam a22002657a 4500</leader>
  <datafield tag="999" ind1=" " ind2=" ">
    <subfield code="c">4781</subfield>
    <subfield code="d">4781</subfield>
  </datafield>
  <controlfield tag="003">DO-SdBJH</controlfield>
  <controlfield tag="005">20210512214623.0</controlfield>
  <controlfield tag="008">180903b           ||||| |||| 00| 0 spa d</controlfield>
  <datafield tag="040" ind1=" " ind2=" ">
    <subfield code="a">DO-SdBJH</subfield>
    <subfield code="b">spa</subfield>
    <subfield code="c">DO-SdBJH</subfield>
  </datafield>
  <datafield tag="090" ind1=" " ind2=" ">
    <subfield code="a">TG EGAEE</subfield>
    <subfield code="b">01286 2017</subfield>
  </datafield>
  <datafield tag="100" ind1="1" ind2=" ">
    <subfield code="a">Abr&#xE9;u Acosta, Amaly</subfield>
    <subfield code="e">sustentante</subfield>
  </datafield>
  <datafield tag="245" ind1="1" ind2="0">
    <subfield code="a">An&#xE1;lisis del impacto en los sectores transporte y energ&#xED;a de la econom&#xED;a dominicana del acuerdo de Petrocaribe 2012-2015 / </subfield>
    <subfield code="c">Amaly Abr&#xE9;u Acosta, In&#xE9;s Elizabeth Rivera De la Cruz, asesores C&#xE9;sar A. Thomas Castillo, Rafael Antonio Quezada P&#xE9;rez</subfield>
  </datafield>
  <datafield tag="260" ind1=" " ind2=" ">
    <subfield code="a">Santo Domingo :</subfield>
    <subfield code="b">INSUDE, </subfield>
    <subfield code="c">2017</subfield>
  </datafield>
  <datafield tag="300" ind1=" " ind2=" ">
    <subfield code="a">xvi, 74 p&#xE1;ginas, ilustraciones-cuadros-gr&#xE1;ficos-tablas</subfield>
  </datafield>
  <datafield tag="502" ind1=" " ind2=" ">
    <subfield code="a">Tesis (Maestr&#xED;a en Defensa y Seguridad Nacional) -- Instituto Superior para la Defensa (INSUDE). Instituto de Graduados en Altos Estudios Estrat&#xE9;gico, 2017</subfield>
  </datafield>
  <datafield tag="504" ind1=" " ind2=" ">
    <subfield code="a"> Incluye referencias bibliogr&#xE1;ficas e &#xED;ndices</subfield>
  </datafield>
  <datafield tag="505" ind1=" " ind2=" ">
    <subfield code="a">Aspectos generales del acuerdo de cooperaci&#xF3;n energ&#xE9;tica petrocaribe. -- Participaci&#xF3;n de petrocaribe en los sectores y energ&#xED;a d ela econom&#xED;a dominicana. -- An&#xE1;lisis del impacto del acuerdo de petrocaribe en los sectores transporte y energ&#xED;a de la econom&#xED;a dominicana, periodo 2012-2015. -- </subfield>
  </datafield>
  <datafield tag="650" ind1=" " ind2="4">
    <subfield code="a">An&#xE1;lisis del impacto de petrocaribe en la econom&#xED;a -- Sectores transporte y energ&#xED;a</subfield>
  </datafield>
  <datafield tag="651" ind1=" " ind2="4">
    <subfield code="a">Rep&#xFA;blica Dominicana. Instituto Superior para la Defensa -- Escuela de Graduados de Altos Estudios Estrat&#xE9;gicos</subfield>
  </datafield>
  <datafield tag="700" ind1="1" ind2=" ">
    <subfield code="e">Rivera De la Cruz, In&#xE9;s Elizabeth</subfield>
    <subfield code="d">sustentante</subfield>
  </datafield>
  <datafield tag="700" ind1="1" ind2=" ">
    <subfield code="a">Thomas Castillo, C&#xE9;sar A.</subfield>
    <subfield code="e">asesor</subfield>
  </datafield>
  <datafield tag="700" ind1="1" ind2=" ">
    <subfield code="a">Quezada P&#xE9;rez, Rafael Antonio</subfield>
    <subfield code="e">asesor</subfield>
  </datafield>
  <datafield tag="830" ind1=" " ind2=" ">
    <subfield code="a">INSUDE.  Instituto de Graduados en Altos Estudios Estrat&#xE9;gico. Tesis y disertaciones acad&#xE9;micas</subfield>
  </datafield>
  <datafield tag="942" ind1=" " ind2=" ">
    <subfield code="2">ddc</subfield>
    <subfield code="c">T</subfield>
  </datafield>
  <datafield tag="952" ind1=" " ind2=" ">
    <subfield code="0">0</subfield>
    <subfield code="1">0</subfield>
    <subfield code="2">ddc</subfield>
    <subfield code="4">0</subfield>
    <subfield code="7">1</subfield>
    <subfield code="8">TG</subfield>
    <subfield code="a">BJHA</subfield>
    <subfield code="b">BJHA</subfield>
    <subfield code="d">2018-09-03</subfield>
    <subfield code="i">17-01286</subfield>
    <subfield code="l">0</subfield>
    <subfield code="o">TG EGAEE 01286 2017</subfield>
    <subfield code="p">17-01286</subfield>
    <subfield code="r">2018-10-06 00:00:00</subfield>
    <subfield code="t">e.1</subfield>
    <subfield code="w">2018-09-03</subfield>
    <subfield code="y">T</subfield>
  </datafield>
</record>
